00421nam a22001457a 450000500170000000800400001702000180005708200140007510000250008924500440011425000190015826000400017730000330021765000250025020231026064946.0231026b |||||||| |||| 00| 0 eng  a9780702185434 a346.7 SHA aSharrock, RlEnglish aBusiness Transactions Law /cR Sharrock aEighth Edition aCape Town : bJuta & Co. Ltd,c2011 bxxxiv, 935 pages ;c25,2 cm. aLegal practice bLaw